[Event "AUTO-INT-2468"]
[Site "http://www.queenalice.com/game.php?id=1146479"]
[Date "2013.1.29"]
[Round "2"]
[White "Gabriel_HD"]
[Black "garca"]
[Result "1-0"]
[WhiteElo "1928"]
[BlackElo "1803"]

1. e4 e5 2. Nf3 d6 3. Nc3 Nf6 4. Bc4 h6 5. d4 exd4 6. Nxd4 Be7 7. O-O O-O 8. Qf3
Bd7 9. Qg3 Kh8 10. Nd5 Nc6 11. Nf5 Bxf5 12. exf5 Ne5 13. Bb3 Re8 14. Re1 c6 15.
Nf4 d5 16. Rxe5 Bd6 17. Re3 Rxe3 18. Qxe3 Qe8 19. Qxe8+ Rxe8 20. Bd2 Ne4 21. Be3
Nf6 22. g3 Bxf4 23. Bxf4 1-0

[Event "AUTO-INT-2466"]
[Site "http://www.queenalice.com/game.php?id=1151407"]
[Date "2013.2.13"]
[Round "2"]
[White "Gabriel_HD"]
[Black "garca"]
[Result "1-0"]
[WhiteElo "1947"]
[BlackElo "1798"]

1. e4 e5 2. Nf3 d6 3. h3 Nf6 4. Nc3 a6 5. Bc4 h6 6. d4 exd4 7. Qxd4 Be7 8. O-O
Nc6 9. Qd3 Na5 10. Nd5 Nxc4 11. Qxc4 c6 12. Nf4 O-O 13. Re1 Nh7 14. Qc3 Bf6 15.
Qe3 Re8 16. Nh5 d5 17. e5 Bg5 18. Nxg5 Qxg5 19. Qf3 Rxe5 20. Bxg5 1-0

[Event "AUTO-INT-2466"]
[Site "http://www.queenalice.com/game.php?id=1151408"]
[Date "2013.2.13"]
[Round "2"]
[White "garca"]
[Black "Gabriel_HD"]
[Result "0-1"]
[WhiteElo "1735"]
[BlackElo "1927"]

1. e4 e5 2. Nf3 Nc6 3. d3 h6 4. Nc3 Bb4 5. Bd2 d6 6. a3 Bxc3 7. Bxc3 Bg4 8. Be2
Qf6 9. h3 Bxf3 10. Bxf3 Rd8 11. O-O Qg6 12. Bh5 Qg5 13. Bd2 Qh4 14. f4 Nf6 15.
Be2 Nh7 16. fxe5 dxe5 17. Qe1 Qe7 18. Be3 b6 19. Rd1 O-O 20. Bg4 Ng5 21. Bxg5
hxg5 22. c3 Rd6 23. Rd2 Rfd8 24. Rdf2 Rf6 25. Rxf6 gxf6 26. Bf5 Rxd3 27. Qe2 Rd6
28. Qh5 Rd2 0-1

[Event "AUTO-INT-2466"]
[Site "http://www.queenalice.com/game.php?id=1151411"]
[Date "2013.2.13"]
[Round "2"]
[White "lafayete2000"]
[Black "garca"]
[Result "0-1"]
[WhiteElo "1656"]
[BlackElo "1792"]

1. e4 e5 2. d4 exd4 3. Qxd4 Nc6 4. Qd1 Nf6 5. f3 d6 6. Bb5 Nh5 7. Bxc6+ bxc6 8.
h4 Be7 9. f4 Bxh4+ 10. Ke2 Ng3+ 0-1

[Event "AUTO-INT-2466"]
[Site "http://www.queenalice.com/game.php?id=1151412"]
[Date "2013.2.13"]
[Round "2"]
[White "garca"]
[Black "lafayete2000"]
[Result "0-1"]
[WhiteElo "1756"]
[BlackElo "1627"]

1. e4 d5 2. exd5 Qxd5 3. Nc3 Qd8 4. d3 h5 5. h3 e5 6. Be2 Bb4 7. Bd2 Bxc3 8.
Bxc3 Nc6 9. Bxh5 Nf6 10. Bf3 O-O 11. Qd2 Nd4 12. Bxd4 exd4 13. O-O-O c6 14. Bg4
Bxg4 15. hxg4 Nxg4 16. Qf4 f5 17. Nh3 Qd5 18. b3 Qc5 19. Qg3 Qc3 20. Kb1 a5 21.
Qh4 a4 22. Nf4 Nh6 23. Qg3 axb3 24. cxb3 Ra3 25. Rc1 Rxb3+ 0-1

[Event "AUTO-INT-2466"]
[Site "http://www.queenalice.com/game.php?id=1151413"]
[Date "2013.2.13"]
[Round "2"]
[White "bdpq"]
[Black "garca"]
[Result "1-0"]
[WhiteElo "1655"]
[BlackElo "1817"]

1. e4 e5 2. d4 exd4 3. Qxd4 d6 4. e5 Nc6 5. Qf4 dxe5 6. Qe4 Nf6 7. Qd3 Be7 8.
Qc4 Qd5 9. Qxd5 Nxd5 10. Bb5 Bd7 11. Bxc6 Bxc6 12. f3 f6 13. Ne2 O-O 14. O-O
Rfd8 15. Nbc3 Nxc3 16. Nxc3 Rd7 17. Be3 Rad8 18. a4 a6 19. h3 Bb4 20. Ne4 Bxe4
21. fxe4 Bd2 22. Bxd2 Rxd2 23. Rac1 Re2 24. Rfd1 Rdd2 25. Rxd2 Rxd2 26. b4 Rd4
27. c3 Rxe4 28. Rd1 Rc4 29. g4 Rxc3 30. h4 Rg3+ 31. Kf2 Rxg4 32. Rb1 Rxh4 33.
Rd1 Rxb4 34. a5 Rb5 35. Rd7 Rxa5 36. Rxc7 b5 37. Rc5 h5 38. Kg3 1-0

[Event "AUTO-INT-2466"]
[Site "http://www.queenalice.com/game.php?id=1151414"]
[Date "2013.2.13"]
[Round "2"]
[White "garca"]
[Black "bdpq"]
[Result "0-1"]
[WhiteElo "1841"]
[BlackElo "1631"]

1. e4 c5 2. Nc3 Nc6 3. d3 e5 4. Nd5 Bd6 5. Nf3 Nf6 6. Nxf6+ Qxf6 7. h3 O-O 8.
Qd2 Nd4 9. Nxd4 exd4 10. Qg5 Qxg5 11. Bxg5 f6 12. Bh4 b6 13. Bg3 Bxg3 14. fxg3
Bb7 15. Be2 f5 16. Bf3 fxe4 17. dxe4 d5 18. exd5 Rfe8+ 19. Kf2 Re5 20. Rae1 Rxe1
21. Rxe1 Rd8 22. Re5 g6 23. Re7 Ba6 24. Rxa7 Bc4 25. Rb7 b5 26. Rc7 b4 27. Rxc5
Bxa2 28. b3 Bb1 29. Be4 g5 30. Rc4 Re8 31. Rxd4 Rc8 32. d6 Bxc2 33. d7 Rf8+ 34.
Ke3 Bxb3 35. Rxb4 Be6 36. Bc6 Bxd7 37. Bxd7 Kg7 0-1

[Event "AUTO-INT-2469"]
[Site "http://www.queenalice.com/game.php?id=1162742"]
[Date "2013.3.19"]
[Round "2"]
[White "garca"]
[Black "oevidalr"]
[Result "0-1"]
[WhiteElo "1775"]
[BlackElo "1710"]

1. e4 e5 2. Nf3 Nc6 3. d3 h6 4. a3 Nf6 5. Nc3 Bc5 6. Be2 O-O 7. O-O a6 8. h3 d6
9. Bd2 Be6 10. Nh2 b5 11. Be3 Bxe3 12. fxe3 d5 13. exd5 Nxd5 14. Nxd5 Qxd5 15.
Bf3 Qd6 16. Bxc6 Qxc6 0-1

[Event "AUTO-INT-2469"]
[Site "http://www.queenalice.com/game.php?id=1162743"]
[Date "2013.3.19"]
[Round "2"]
[White "oevidalr"]
[Black "garca"]
[Result "1-0"]
[WhiteElo "1690"]
[BlackElo "1795"]

1. e4 e5 2. Nf3 d6 3. Bc4 h6 4. h3 Nf6 5. Nc3 Be7 6. O-O O-O 7. d3 Nc6 8. a3 Bd7
9. Be3 a6 10. b4 Qc8 11. Qe2 Nh7 12. Rab1 Kh8 13. d4 exd4 14. Nxd4 Nxd4 15. Bxd4
Bf6 16. Bxf6 Nxf6 17. Rbd1 1-0

[Event "AUTO-ADV-3687"]
[Site "http://www.queenalice.com/game.php?id=1436137"]
[Date "2016.8.14"]
[Round "1"]
[White "garca"]
[Black "Andrez"]
[Result "0-1"]
[WhiteElo "1707"]
[BlackElo "1993"]

1. e4 e5 2. Nf3 Nc6 3. d3 Bc5 4. a3 d6 5. h3 f5 6. exf5 Bxf5 7. Nc3 Nf6 8. Bg5
Qd7 9. Bxf6 gxf6 10. Nh4 O-O-O 11. Nxf5 Qxf5 0-1

[Event "AUTO-ADV-3687"]
[Site "http://www.queenalice.com/game.php?id=1436152"]
[Date "2016.8.14"]
[Round "1"]
[White "Artking"]
[Black "garca"]
[Result "1-0"]
[WhiteElo "2112"]
[BlackElo "1717"]

1. d4 d5 2. c4 dxc4 3. Nf3 e6 4. Nc3 c6 5. a4 a6 6. e4 Bd7 7. Bxc4 b5 8. axb5
cxb5 9. Bd3 Nc6 10. O-O h6 11. e5 Be7 12. Ne4 Bc8 13. Be3 Bb7 14. Rc1 Nb4 15.
Bb1 Nd5 16. Nd6+ Bxd6 17. exd6 Qxd6 18. Ne5 Ngf6 19. Qc2 O-O 20. Qe2 Rfc8 21.
Rc5 Nd7 22. Qh5 Rf8 23. Bxh6 N5f6 24. Qg5 g6 25. Nxg6 Nh7 26. Ne7+ Kh8 27. Qg7#
1-0

[Event "AUTO-ADV-3687"]
[Site "http://www.queenalice.com/game.php?id=1436153"]
[Date "2016.8.14"]
[Round "1"]
[White "garca"]
[Black "Artking"]
[Result "0-1"]
[WhiteElo "1715"]
[BlackElo "2152"]

1. e4 b6 2. d3 Bb7 3. Nc3 e6 4. a3 Nf6 5. h3 c5 6. Nf3 Be7 7. Be2 Nc6 8. O-O a6
9. Nh2 Ne5 10. Ng4 Nexg4 11. Bxg4 h5 12. Bf3 Qc7 13. Re1 O-O-O 14. e5 Ng4 15.
Bxg4 hxg4 16. Qxg4 Rh4 17. Qg3 Rdh8 18. Bg5 Bxg5 19. Qxg5 f5 20. f4 Qc6 21. Qg3
g5 22. fxg5 f4 23. Qh2 f3 24. Ne4 fxg2 25. Nd6+ Kb8 26. Re4 Rxh3 27. Qxg2 Rh1+
28. Qxh1 Rxh1+ 29. Kxh1 Ba8 30. Kh2 Qc7 31. Rf4 Qd8 32. Kg3 Qxg5+ 33. Rg4 Qxe5+
0-1

[Event "AUTO-ADV-3687"]
[Site "http://www.queenalice.com/game.php?id=1436162"]
[Date "2016.8.14"]
[Round "1"]
[White "betofortaleza"]
[Black "garca"]
[Result "1-0"]
[WhiteElo "1852"]
[BlackElo "1702"]

1. e4 e5 2. Bc4 Nf6 3. Nc3 d6 4. h3 a6 5. d3 Nc6 6. Nf3 h6 7. Be3 Na5 8. Nd5
Nxc4 9. Bc1 Nb6 10. Be3 Nbxd5 11. exd5 Nxd5 12. Qd2 1-0

[Event "AUTO-ADV-3687"]
[Site "http://www.queenalice.com/game.php?id=1436163"]
[Date "2016.8.14"]
[Round "1"]
[White "garca"]
[Black "betofortaleza"]
[Result "0-1"]
[WhiteElo "1692"]
[BlackElo "1862"]

1. e4 e5 2. Nf3 Nc6 3. d3 Bc5 4. h3 h6 5. Be2 d6 6. a3 Be6 7. Nc3 Nf6 8. Be3
Bxe3 9. fxe3 Qd7 10. O-O g5 11. Nh2 Qe7 0-1